000 00397nam a22001697a 4500
005 20180221154213.0
008 160625b xxu||||| |||| 00| 0 eng d
020 _a0-7494-4406-1
041 _aeng
082 _b10306
_a174.4
100 _aParsons, Patrica J
_92813
245 _aEthics in Public Relations
260 _bKogan
_c2005
300 _a168
650 _aManagement
_9241
942 _cBK
999 _c4071
_d4070